• 首页
  • 本馆介绍
  • 公告通知
  • 最新文献
  • 馆藏检索
  • 电子资源
  • 读者导购
  • 参考咨询
  • 我的图书馆
  • 登录
  • 详细信息显示
  • 放入我的书架
  • 预约/预借图书
  • 作者相关作品
  • 分类相关作品
  • 丛书相关作品
  • 出版社相关作品

书目信息

  • 表格格式
  • 工作单格式
  • 卡片格式
题名:
实用祝酒词大全
    
 
作者: 陈博 编著
分册:  
出版信息: 长春   吉林出版集团有限责任公司  2011.07
页数: 239页
开本: 26cm
丛书名:
单 册:
中图分类: C912.1 , TS971
科图分类:
主题词: 人际关系--语言艺术--通俗读物 , 酒--文化--中国--通俗读物 , 人际关系 , 语言艺术 , 酒
电子资源:
ISBN: 978-7-5463-5690-7
000 00905nam0 2200289 450
001 004923847
005 20120321100612.03
010    @a978-7-5463-5690-7@dCNY19.90
100    @a20110928d2011 em y0chiy50 ea
101 0  @achi
102    @aCN@b220000
105    @aa z 000yy
106    @ar
200 1  @a实用祝酒词大全@9shi yong zhu jiu ci da quan@e超值典藏@f陈博编著
210    @a长春@c吉林出版集团有限责任公司@d2011.07
215    @a239页@c图,照片@d26cm
330    @a本书精选了大量精彩绝伦的祝酒词素材,还详解了祝酒词的来龙去脉,不同场景、情境下祝酒词的应用技巧以及酒场规则、酒史趣谈等酒文化。
606 0  @a人际关系@x语言艺术@j通俗读物
606 0  @a酒@x文化@y中国@j通俗读物
606 0  @a人际关系
606 0  @a语言艺术
606 0  @a酒
690    @aC912.1@v4
690    @aTS971@v4
701  0 @a陈博@9chen bo@4编著
801  0 @aCN@bNLC@c20110928
905    @b538957-61@dC912.1@e742@f5
    
    实用祝酒词大全:超值典藏/陈博编著.-长春:吉林出版集团有限责任公司,2011.07
    239页:图,照片;26cm
    
    
    ISBN 978-7-5463-5690-7:CNY19.90
    本书精选了大量精彩绝伦的祝酒词素材,还详解了祝酒词的来龙去脉,不同场景、情境下祝酒词的应用技巧以及酒场规则、酒史趣谈等酒文化。
●
相关链接 在E读中查询图书 在五车中查询图书 在当当中查询图书 在豆瓣中查询图书


正题名:实用祝酒词大全     索取号:C912.1/742         预约/预借

序号 登录号 条形码 馆藏地/架位号 状态 备注
1 538957   205389578   第一样本阅览室/ [索取号:C912.1/742] 在馆    
2 538958   205389587   第一借阅区/ [索取号:C912.1/742] 在馆    
3 538959   205389596   第一借阅区/ [索取号:C912.1/742] 在馆    
4 538960   205389603   第一借阅区/ [索取号:C912.1/742] 在馆    
5 538961   205389612   第一借阅区/ [索取号:C912.1/742] 在馆    
唐山师范学院图书馆 欢迎您!
大连网信软件有限公司© 版权所有